UK Best Selling Cars 1990's - Statistics

General Stats
  • This quiz has been taken 110 times
  • The average score is 7 of 10
Answer Stats
Position Manufacturer Answer % Correct
1 Ford Fiesta
89%
2 Ford Escort
87%
3 Vauxhall Astra
84%
7 Vauxhall Corsa
70%
4 Ford Mondeo
66%
9 Rover/MG Metro
63%
5 Vauxhall Cavalier
60%
10 Ford Sierra
60%
8 Vauxhall Vectra
53%
6 Rover 200
33%
No matching quizzes found
Score Distribution
Percent of People with Each Score
Percentile by Number Answered
Your Score History
You have not taken this quiz